00621nam a2200193Ia 450000100030000000300090000300500170001200800410002904000280007004100080009808200270010610000280013324500650016126000730022630000180029965000240031765000260034165000600036748DO-SdBJH20180120165233.0180110s9999 dr 000 0 spa d aDO-SdBJHbspacDO-SdBJH bspa aRD 861.4209 M632p 19971 aCéspedes, Diógenes 10aLa poesía de Franklin Mieses Burgos / Fernando Ureña Rib aSanto Domingo : Banco de Reservas de la República Dominicana, 1997 a157 páginas4 aPoesía dominicana4 aLiteratura dominicana4 aMieses Burgos, Franklin -- Crítica e interpretación